00684nam a22002177a 450000500170000001000130001702000220003003500130005203700160006504000120008108200160009310000190010924500980012826000480022627000550027430000330032950000410036265000140040365000300041770000190044720170124110222.0 aA-424727 c00.00a8171410980 aA-424727 bCen Lib/Ret aDPLbEN a547.03bGAN aGandhi, M. H.  aNamed effects in organic chemistry :cby M. H. Gandhi [and] J. V. Parghibmodern dictionary / aNew DelhibDiscovery Publishing Housec1990 bNew Delhia4594/9, Ansari Road, Darya Ganje110002 aviii,134p. :c22cm(Hb)bill. aIncludes bibliographical references  aChemistry aChemistry -- Dictionaries aParghi, J. V.